| 000 | 00686nam a2200241Ia 4500 | ||
|---|---|---|---|
| 003 | OSt | ||
| 005 | 20220926022012.0 | ||
| 006 | a|||||r|||| 00| 0 | ||
| 007 | ta | ||
| 008 | 220923b |||||||| |||| 00| 0 eng d | ||
| 037 | _cGeneral Book | ||
| 040 |
_aRTL _cRTL _beng |
||
| 041 |
_2eng _aeng |
||
| 082 | _aV1N45,93:3p.N80, M0.2/UN | ||
| 110 | _aUNITED NATIONS | ||
| 245 | 0 |
_aOfficial records of the general assembly _b Plenary meetings |
|
| 260 |
_aNew York _bUnited Nations _c1980 |
||
| 300 |
_a1294p. _ccm. |
||
| 490 | _vVol.1.2;16 | ||
| 700 | _aUNITED NATIONS | ||
| 942 |
_hV1N45,93:3p.N80, M0.2/UN _cGB _2CC |
||
| 999 |
_c638239 _d638239 |
||